| 000 | 00476nam a2200157 a 4500 | ||
|---|---|---|---|
| 001 | 000036307 | ||
| 005 | 20200930075647.0 | ||
| 008 | 120112s1966 xxu 000 0 eng d | ||
| 040 |
_aDO-SdBNP _bspa _cBNPHU |
||
| 082 |
_axxx _bH327h |
||
| 100 | 1 |
_aHarte, Bret, _d1836-1902. _962453 |
|
| 245 | 1 | 0 |
_aHarte of the west / _cBret Harte; editado por Ned E. Hoopes. |
| 260 |
_aNew York : _bDell Publishing, _c1966. |
||
| 300 |
_a252 p. ; _c18 cm. |
||
| 700 | 1 |
_aHoopes, Ned E., _ded. _962454 |
|
| 999 |
_c35798 _d35798 |
||